Central Library OPAC University of Rajshahi

খানবাহাদুর আহ্ছানউল্লাহর জীবন ও দর্শন চিন্তায় সূফী উপাদান / (Record no. 35660)

MARC details
000 -LEADER
fixed length control field 01753ntm a2200265 4500
001 - CONTROL NUMBER
control field 35660
003 - CONTROL NUMBER IDENTIFIER
rucl marc code BD-RjUL
005 - DATE AND TIME OF LATEST TRANSACTION
control field 20211209052347.0
008 - FIXED-LENGTH DATA ELEMENTS--GENERAL INFORMATION
fixed length control field 140518s2012 bg ||||| mb|| 00| 0 ben d
035 ## - SYSTEM CONTROL NUMBER
System control number (BD-RjUL)35755
040 ## - CATALOGING SOURCE
Original cataloging agency BD-RjUL
Language of cataloging ben
Transcribing agency BD-RjUL
Modifying agency BD-RjUL
041 ## - LANGUAGE CODE
Language code of text/sound track or separate title ben
082 ## - DEWEY DECIMAL CLASSIFICATION NUMBER
Edition number 23
Classification number 181.07092
Author mark and year RAK 2012
100 ## - MAIN ENTRY--PERSONAL NAME
Personal name রহমান, মো. মজিবর
9 (RLIN) 74802
245 ## - TITLE STATEMENT
Title খানবাহাদুর আহ্ছানউল্লাহর জীবন ও দর্শন চিন্তায় সূফী উপাদান /
Statement of responsibility, etc. মো. মজিবর রহমান ;
Linkage তত্ত্বাবধায়ক : আব্দুল হাই তালুকদার.
260 ## - PUBLICATION, DISTRIBUTION, ETC. (IMPRINT)
Place of publication, distribution, etc. রাজশাহী :
Name of publisher, distributor, etc. দর্শন বিভাগ, রাজশাহী বিশ্ববিদ্যালয়,
Date of publication, distribution, etc. ২০১২
300 ## - PHYSICAL DESCRIPTION
Pagination ix, ২৭২ পাতা :
Size ২৯ সেসি.
Illustrations চিত্র ;
502 ## - DISSERTATION NOTE
Dissertation note থিসিস (পিএইচ. ডি.)-- কলা অনুষদ, দর্শন বিভাগ, রাজশাহী বিশ্ববিদ্যালয়, ২০১২.
504 ## - BIBLIOGRAPHY, ETC. NOTE
Bibliography, etc গ্রন্থপঞ্জি: পাতা [২৬৮] -২৭২
600 ## - SUBJECT ADDED ENTRY--PERSONAL NAME
Personal name আহ্ছানউল্লাহ,
Titles and other words associated with a name খানবাহাদুর
Dates associated with a name ১৮৭৩-১৯৬৫
General subdivision জীবনী
Geographic subdivision বাংলাদেশ
650 ## - SUBJECT ADDED ENTRY--TOPICAL TERM
Topical term or geographic name as entry element ইসলামিক দার্শনিক
Form subdivision জীবনী
Geographic subdivision বাংলাদেশ
9 (RLIN) 108571
Topical term or geographic name as entry element শিক্ষাবিদ
Form subdivision জীবনী
Geographic subdivision বাংলাদেশ
9 (RLIN) 108602
700 ## - ADDED ENTRY--PERSONAL NAME
Personal name তালুকদার, আব্দুল হাই , তত্ত্বাবধায়ক .
942 ## - ADDED ENTRY ELEMENTS (KOHA)
Source of classification or shelving scheme Dewey Decimal Classification
Koha item type Theses
Holdings
Lost status Source of classification or shelving scheme Damaged status Not for loan Collection code Permanent Location Current Location Shelving location Date acquired Source of acquisition Cost, normal purchase price Total Checkouts Full call number Date last seen Copy number Koha item type
  Dewey Decimal Classification   Not For Loan Theses Central Library, University of Rajshahi Central Library, University of Rajshahi Documentation Section 28/10/2013 Controller of Examination Office, University of Rajshahi, Rajshahi. 0.00   BTHE 181.07092 RAK 2012 28/05/2014 C-1 Theses